000 005520000a22001810004500
003 MACL
005 20160417130601.0
008 160417b xxu||||| |||| 00| 0 eng d
040 _aMACL
_cMACL
041 _aHindi
082 _a500
100 _aगर्ग सी. एल
_950791
245 _aनवीकरणीय उर्जा स्‍त्रोत
260 _aनई दिल्‍ली
_bसामूहिक प्रकाशन
_c2012
350 _a200
650 _aविज्ञान
_952638
942 _cHIN
_k500
_2ddc
999 _c48314
_d48314